| 000 | 00978nam a2200313 i 4500 | ||
|---|---|---|---|
| 001 | 200458758 | ||
| 003 | TR-AnTOB | ||
| 005 | 20240711105628.0 | ||
| 007 | ta | ||
| 008 | 231101s1992 gw 000 0 ger d | ||
| 040 |
_aTR-AnTOB _beng _erda _cTR-AnTOB |
||
| 041 | 0 | _ager | |
| 050 | 1 | _aHD655 | |
| 090 |
_aHD655 _b.S337 1992 |
||
| 100 | 1 |
_aSchramm, Heiderose _eauthor _9135898 |
|
| 245 | 1 | 4 |
_aDie neuen bundesländer integration und entwicklung : _banwälte, gebühren und gerichte / _cHeiderose Schramm. |
| 250 | _aFebruar 1992 | ||
| 264 | 1 |
_aKöln : _bBundesstelle für Außenhandelsinformation (BfAI), _c1992. |
|
| 300 |
_a24 pages ; _c21 cm |
||
| 336 |
_2rdacontent _atext _btxt |
||
| 337 |
_2rdamedia _aunmediated _bn |
||
| 338 |
_2rdacarrier _avolume _bnc |
||
| 504 | _aBIB | ||
| 650 | 0 |
_aLand reform _zGermany _9115444 |
|
| 650 | 0 |
_aLand tenure _9140011 |
|
| 650 | 0 |
_aLand titles _xRegistration and transfer _982138 |
|
| 942 |
_2lcc _cBK |
||
| 999 |
_c200458758 _d76970 |
||